[Event "DEM U12/U12w 2004"]
[Site "Willingen GER"]
[Date "2004.06.04"]
[Round "10"]
[White "Billing, Alexander"]
[Black "Mijatovic, Andrea"]
[Result "1-0"]
[Termination "normal"]
[Board "22"]
[WhiteElo "1533"]
[BlackElo "1422"]
[PlyCount "57"]
[WhiteFideId "24624420"]
[BlackFideId "14514524"]
[EventCountry "GER"]
[EventRounds "11"]
[EventType "swiss"]
[EventDate "2004.05.29"]

1. e4 c5 2. Nc3 Nc6 3. g3 g6 4. Bg2 Bg7 5. d3 e6 6. Be3 d6 7. Qd2 Nge7 8. Bh6
Bf6 9. Nf3 a6 10. O-O b5 11. Nd1 Qc7 12. c3 Ng8 13. Be3 Nge7 14. d4 cxd4 15.
cxd4 O-O 16. Rc1 Qd7 17. Bh6 Re8 18. Ne3 Bb7 19. Ng4 Bh8 20. Qg5 f6 21. Nxf6+
Bxf6 22. Qxf6 Nc8 23. d5 exd5 24. exd5 Nb4 25. Bh3 Qf7 26. Qxf7+ Kxf7 27. Be6+
Kf6 28. Bg5+ Kg7 29. Rc7+ 1-0

[Event "DEM U12/U12w 2004"]
[Site "Willingen GER"]
[Date "2004.06.04"]
[Round "10"]
[White "Pfefferkorn, Adrian"]
[Black "Lobmeyer, Fabian"]
[Result "1/2-1/2"]
[Termination "normal"]
[Board "23"]
[WhiteElo "1285"]
[BlackElo "1522"]
[PlyCount "68"]
[BlackFideId "24659681"]
[EventCountry "GER"]
[EventRounds "11"]
[EventType "swiss"]
[EventDate "2004.05.29"]

1. e4 c5 2. Nf3 a6 3. d4 cxd4 4. Nxd4 e5 5. Nf5 d5 6. Ne3 d4 7. Nd5 Be6 8. Bc4
Nc6 9. a3 h6 10. O-O Nf6 11. Qf3 Bxd5 12. Bxd5 Nxd5 13. exd5 Ne7 14. Re1 Ng6
15. c4 Bd6 16. Nd2 O-O 17. Ne4 f5 18. Ng3 e4 19. Qh5 Ne7 20. Ne2 Qa5 21. Rd1 d3
22. Nd4 Rf6 23. Bd2 Qb6 24. Bc3 Be5 25. Ne6 Bxc3 26. bxc3 Qa7 27. Rab1 Rb8 28.
a4 b6 29. Rb2 Rc8 30. Rdb1 Rxc4 31. Rxb6 Rxc3 32. Rb8+ Kh7 33. Nf8+ Rxf8 34.
Rxf8 Rc2 1/2-1/2

[Event "DEM U12/U12w 2004"]
[Site "Willingen GER"]
[Date "2004.06.04"]
[Round "10"]
[White "Giesler, Julius"]
[Black "Vollmer, Jürgen"]
[Result "1/2-1/2"]
[Termination "normal"]
[Board "24"]
[WhiteElo "1394"]
[BlackElo "1571"]
[PlyCount "32"]
[EventCountry "GER"]
[EventRounds "11"]
[EventType "swiss"]
[EventDate "2004.05.29"]

1. d4 Nf6 2. c4 e5 3. dxe5 Ng4 4. e3 Nxe5 5. Be2 Nbc6 6. Bd2 Bc5 7. a3 a5 8.
Nc3 d6 9. Nf3 Bf5 10. Na4 Nd7 11. b3 O-O 12. Bc3 Re8 13. Qd2 Ba7 14. Rd1 Nc5
15. Nxc5 Bxc5 16. Qb2 f6 1/2-1/2

[Event "DEM U12/U12w 2004"]
[Site "Willingen GER"]
[Date "2004.06.04"]
[Round "10"]
[White "Mohr, Fides"]
[Black "Penne, Bo"]
[Result "1/2-1/2"]
[Termination "normal"]
[Board "25"]
[WhiteElo "1389"]
[BlackElo "1532"]
[PlyCount "133"]
[BlackFideId "24642193"]
[EventCountry "GER"]
[EventRounds "11"]
[EventType "swiss"]
[EventDate "2004.05.29"]

1. d4 c6 2. c4 d5 3. Nc3 Nf6 4. Nf3 e6 5. cxd5 cxd5 6. Bf4 a6 7. e3 Be7 8. Bd3
O-O 9. O-O Nc6 10. Rc1 Bd7 11. Ne5 Rc8 12. Na4 Nxe5 13. Rxc8 Bxc8 14. Bxe5 Bd6
15. Bxd6 Qxd6 16. Qc2 h6 17. Rc1 Qe7 18. Nb6 Bd7 19. Qc7 Re8 20. Qxb7 Qb4 21.
Bxa6 Qxb2 22. Re1 Ne4 23. Rf1 Bb5 24. Bxb5 Qxb5 25. Qd7 Qxd7 26. Nxd7 Ra8 27.
Ra1 Ra3 28. Nc5 Nc3 29. Kf1 Rxa2 30. Rxa2 Nxa2 31. Ke2 Kf8 32. f3 Ke7 33. Kd2
Nb4 34. Kc3 Nc6 35. Kb3 Na5+ 36. Kc3 Nc4 37. Kd3 Nd6 38. h3 f6 39. e4 dxe4+ 40.
fxe4 Nf7 41. g3 Kd6 42. Nb7+ Kc7 43. Nc5 Kd6 44. Nb7+ Ke7 45. Nc5 g5 46. Ke3
Nd8 47. d5 exd5 48. exd5 Kd6 49. Kd4 h5 50. Ne4+ Ke7 51. d6+ Ke6 52. Kc5 g4 53.
hxg4 hxg4 54. d7 f5 55. Nd6 Ke5 56. Nc4+ Ke6 57. Nd6 Kxd7 58. Nxf5 Nf7 59. Kd5
Ng5 60. Ke5 Ke8 61. Kf4 Ne6+ 62. Kxg4 Kf7 63. Nd6+ Kg6 64. Ne4 Nd4 65. Nd6 Ne2
66. Kf3 Nxg3 67. Kxg3 1/2-1/2

[Event "DEM U12/U12w 2004"]
[Site "Willingen GER"]
[Date "2004.06.04"]
[Round "10"]
[White "Hinz, Arne"]
[Black "Wolff, Christoph"]
[Result "1/2-1/2"]
[Termination "normal"]
[Board "26"]
[WhiteElo "1524"]
[BlackElo "1374"]
[PlyCount "56"]
[WhiteFideId "24634875"]
[BlackFideId "24659495"]
[EventCountry "GER"]
[EventRounds "11"]
[EventType "swiss"]
[EventDate "2004.05.29"]

1. e4 c5 2. Nc3 Nc6 3. f4 d6 4. Nf3 g6 5. Be2 Bg7 6. O-O e6 7. d3 Nge7 8. Qe1
Bd7 9. Nb5 Bc8 10. Qg3 a6 11. Nc3 O-O 12. a3 Bd7 13. Bd2 Rb8 14. Nd1 b5 15. Bc3
Nd4 16. Nxd4 cxd4 17. Bb4 Rc8 18. Rc1 Rc6 19. Nf2 Qc7 20. Bd1 a5 21. Bd2 Rb8
22. b3 b4 23. a4 d5 24. e5 Rb7 25. Qg5 Nf5 26. Re1 Rb8 27. Qg4 Rc8 28. Qh3 h5
1/2-1/2

[Event "DEM U12/U12w 2004"]
[Site "Willingen GER"]
[Date "2004.06.04"]
[Round "10"]
[White "Bochis, Julia"]
[Black "Weber, Raphael"]
[Result "1/2-1/2"]
[Termination "normal"]
[Board "27"]
[WhiteElo "1261"]
[BlackElo "1471"]
[PlyCount "64"]
[WhiteFideId "24647276"]
[BlackFideId "24644110"]
[EventCountry "GER"]
[EventRounds "11"]
[EventType "swiss"]
[EventDate "2004.05.29"]

1. e4 e5 2. Nf3 Nc6 3. Bb5 a6 4. Bxc6 dxc6 5. O-O Bg4 6. h3 h5 7. d3 Qf6 8.
Nbd2 Ne7 9. Re1 Bxf3 10. Qxf3 Qxf3 11. Nxf3 f6 12. d4 exd4 13. Nxd4 O-O-O 14.
Be3 Ng6 15. Rad1 Bd6 16. Nf5 Rd7 17. Bd4 c5 18. Bc3 Rhd8 19. Kf1 Be5 20. Rxd7
Rxd7 21. Bxe5 Nxe5 22. Ke2 g6 23. Nh4 g5 24. Nf3 Nc4 25. b3 Na3 26. c3 Nb5 27.
Rc1 Kd8 28. Ke3 Re7 29. Rd1+ Ke8 30. Rd3 b6 31. Nd2 Nd6 32. f3 h4 1/2-1/2

[Event "DEM U12/U12w 2004"]
[Site "Willingen GER"]
[Date "2004.06.04"]
[Round "10"]
[White "Kohm, Vanessa"]
[Black "Huhnstock, Rico"]
[Result "1-0"]
[Termination "normal"]
[Board "28"]
[WhiteElo "1315"]
[BlackElo "1449"]
[PlyCount "125"]
[WhiteFideId "4674472"]
[BlackFideId "24642932"]
[EventCountry "GER"]
[EventRounds "11"]
[EventType "swiss"]
[EventDate "2004.05.29"]

1. e4 c5 2. Nf3 d6 3. Bb5+ Bd7 4. Bxd7+ Qxd7 5. O-O g6 6. c3 Bg7 7. d4 cxd4 8.
cxd4 Nc6 9. Be3 Nf6 10. Nc3 O-O 11. Re1 Rfd8 12. h3 b6 13. Qd2 Rac8 14. Rac1
Qb7 15. Qe2 Na5 16. Bf4 Nh5 17. Be3 Nc4 18. Nd5 Nxe3 19. Qxe3 e6 20. Nc3 Nf6
21. Nb5 Qd7 22. Nc3 Rc7 23. Qe2 Rdc8 24. Rc2 Rc4 25. Rec1 Qc6 26. b3 Rxc3 27.
Rxc3 Qxc3 28. Rxc3 Rxc3 29. e5 dxe5 30. dxe5 Nd5 31. Qb2 Bf8 32. Nd4 a6 33. Ne2
Rc7 34. Qd4 Bc5 35. Qa4 a5 36. Nd4 Kf8 37. Nb5 Rc8 38. Nd6 Rd8 39. Qc6 Ne7 40.
Qc7 Ra8 41. Nc4 Rc8 42. Qb7 Rc6 43. Qd7 Rc8 44. Nd6 Ra8 45. Qb7 Rd8 46. Qf3
Bxd6 47. exd6 Rxd6 48. Qe3 Nf5 49. Qe5 Rd1+ 50. Kh2 Kg8 51. Qb8+ Kg7 52. Qxb6
Rd5 53. b4 axb4 54. Qxb4 Nd6 55. a4 Kf6 56. a5 Ke7 57. a6 Rb5 58. Qa3 Rb8 59.
a7 Ra8 60. Qc5 Kd7 61. Qb6 Rc8 62. Qb8 Rxb8 63. axb8=Q 1-0

[Event "DEM U12/U12w 2004"]
[Site "Willingen GER"]
[Date "2004.06.04"]
[Round "10"]
[White "Sharikow, Alexej"]
[Black "Dalakian, Haroutioun"]
[Result "1/2-1/2"]
[Termination "normal"]
[Board "29"]
[WhiteElo "1420"]
[BlackElo "1294"]
[PlyCount "81"]
[BlackFideId "24632058"]
[EventCountry "GER"]
[EventRounds "11"]
[EventType "swiss"]
[EventDate "2004.05.29"]

1. d4 Nf6 2. c4 g6 3. Nc3 d6 4. e4 Bg7 5. f4 O-O 6. Nf3 Nc6 7. d5 Nb8 8. Be2 e5
9. Qc2 Nbd7 10. O-O Re8 11. fxe5 Nxe5 12. Nxe5 Rxe5 13. Bf4 Re8 14. Bg5 h6 15.
Bh4 g5 16. Bg3 Nd7 17. Bh5 Rf8 18. Rae1 Nf6 19. Bf3 Bg4 20. e5 dxe5 21. Bxe5
Bxf3 22. Rxf3 Nd7 23. Bxg7 Kxg7 24. Ref1 Ne5 25. Rh3 Nxc4 26. b3 Nd6 27. Qe2 f5
28. Na4 b6 29. Re3 Re8 30. Re6 Rxe6 31. dxe6 Qe7 32. Nc3 c6 33. Rd1 Rd8 34. Re1
Kg6 35. Qf3 Rc8 36. h3 Nf7 37. g4 Nd6 38. Rd1 Qxe6 39. Rxd6 Qxd6 40. Qxf5+ Kg7
41. Qxc8 1/2-1/2

[Event "DEM U12/U12w 2004"]
[Site "Willingen GER"]
[Date "2004.06.04"]
[Round "10"]
[White "Gersch, Andre"]
[Black "Schnieber, Jacqueline"]
[Result "1-0"]
[Termination "normal"]
[Board "30"]
[WhiteElo "1433"]
[BlackElo "1140"]
[PlyCount "61"]
[EventCountry "GER"]
[EventRounds "11"]
[EventType "swiss"]
[EventDate "2004.05.29"]

1. e4 e5 2. Nf3 Nc6 3. Bb5 a6 4. Bxc6 dxc6 5. Nc3 Bd6 6. d3 Nf6 7. Bg5 h6 8.
Bh4 g5 9. Bg3 Qe7 10. h3 Be6 11. Qe2 O-O-O 12. Bxe5 Bxe5 13. Nxe5 Qd6 14. Nf3
Bf5 15. O-O-O Rhe8 16. Qd2 Bg6 17. Rhe1 Nd7 18. g4 f6 19. Qe3 Nb6 20. Nd2 Qb4
21. a3 Qa5 22. Nc4 Nxc4 23. dxc4 Bf7 24. Qa7 Bd5 25. cxd5 c5 26. Qa8+ Kd7 27.
Qxb7 Rf8 28. Qc6+ Kc8 29. d6 Rf7 30. Nd5 Rdd7 31. Qa8# 1-0

[Event "DEM U12/U12w 2004"]
[Site "Willingen GER"]
[Date "2004.06.04"]
[Round "10"]
[White "Spangenberg, Pia"]
[Black "Völsgen, Georg"]
[Result "1/2-1/2"]
[Termination "normal"]
[Board "31"]
[WhiteElo "1264"]
[BlackElo "1456"]
[PlyCount "47"]
[WhiteFideId "4627989"]
[BlackFideId "24635901"]
[EventCountry "GER"]
[EventRounds "11"]
[EventType "swiss"]
[EventDate "2004.05.29"]

1. e4 e5 2. Nf3 Nc6 3. d4 exd4 4. Nxd4 Bc5 5. Be3 Qf6 6. c3 Nge7 7. g3 a6 8.
Bg2 O-O 9. O-O d6 10. Nxc6 Nxc6 11. Bxc5 dxc5 12. Nd2 Rd8 13. Qe2 Qh6 14. Nb3
Qg5 15. f4 Qe7 16. e5 Bd7 17. Rad1 b6 18. Qh5 Be8 19. Be4 g6 20. Qf3 Rxd1 21.
Rxd1 Rd8 22. Rxd8 Nxd8 23. Nd2 Qe6 24. Bd5 1/2-1/2

[Event "DEM U12/U12w 2004"]
[Site "Willingen GER"]
[Date "2004.06.04"]
[Round "10"]
[White "Wolf, Isaak"]
[Black "Kamrla, Robin"]
[Result "1-0"]
[Termination "normal"]
[Board "32"]
[WhiteElo "1262"]
[BlackElo "1435"]
[PlyCount "21"]
[EventCountry "GER"]
[EventRounds "11"]
[EventType "swiss"]
[EventDate "2004.05.29"]

1. e4 c5 2. Nf3 Nc6 3. d4 cxd4 4. Nxd4 Nf6 5. Nc3 e5 6. Ndb5 d6 7. Bg5 a6 8.
Bxf6 gxf6 9. Na3 b5 10. Nd5 Ne7 11. Nxf6# 1-0

[Event "DEM U12/U12w 2004"]
[Site "Willingen GER"]
[Date "2004.06.04"]
[Round "10"]
[White "Voss, Chantal"]
[Black "Cornish, Alexander"]
[Result "0-1"]
[Termination "normal"]
[Board "33"]
[WhiteElo "1247"]
[BlackElo "1404"]
[PlyCount "126"]
[WhiteFideId "4664906"]
[EventCountry "GER"]
[EventRounds "11"]
[EventType "swiss"]
[EventDate "2004.05.29"]

1. d4 d5 2. c4 e6 3. Nc3 Nf6 4. Bg5 Be7 5. e3 Ne4 6. Bxe7 Nxc3 7. Bxd8 Nxd1 8.
Rxd1 Kxd8 9. Nf3 Nd7 10. Bd3 c6 11. cxd5 exd5 12. Ng5 Ke7 13. O-O h6 14. Nf3
Nf6 15. h3 g5 16. Rfe1 Ne4 17. Ne5 Rg8 18. f3 Nd6 19. e4 f6 20. Ng4 Bxg4 21.
fxg4 dxe4 22. Bxe4 Kf7 23. Bc2 Rge8 24. Bb3+ Kf8 25. Rf1 Kg7 26. Rd3 Ne4 27.
Kh2 Rad8 28. Rdd1 Nd6 29. Ba4 Nc4 30. Rf2 Ne3 31. Rdd2 Nd5 32. Bb3 Nc7 33. Rf5
Nb5 34. d5 Re5 35. Rxe5 fxe5 36. Rd1 Nd4 37. dxc6 bxc6 38. Bc4 Nf3+ 39. gxf3
Rxd1 40. Kg3 c5 41. Kf2 Rd2+ 42. Ke3 Rxb2 43. Ke4 Kf6 44. Ke3 Rh2 45. Ke4 Rxh3
46. Ke3 h5 47. gxh5 Rxh5 48. Kd3 Rh3 49. Ke3 g4 50. Bd5 g3 51. Ke2 g2 52. Kf2
Rg3 53. Kg1 Kg5 54. a4 a5 55. Be4 c4 56. Bd5 c3 57. Be4 Kf4 58. Bc2 Kxf3 59.
Bd3 e4 60. Bc2 e3 61. Bd1+ e2 62. Bxe2+ Kxe2 63. Kh2 g1=Q# 0-1

[Event "DEM U12/U12w 2004"]
[Site "Willingen GER"]
[Date "2004.06.04"]
[Round "10"]
[White "Yakovenko, Oleg"]
[Black "Falke, Cynthia"]
[Result "0-1"]
[Termination "normal"]
[Board "34"]
[WhiteElo "1365"]
[BlackElo "1197"]
[PlyCount "60"]
[WhiteFideId "4696000"]
[BlackFideId "24600644"]
[EventCountry "GER"]
[EventRounds "11"]
[EventType "swiss"]
[EventDate "2004.05.29"]

1. e4 e5 2. Nf3 Nc6 3. Bb5 Bc5 4. Nc3 Nf6 5. O-O d6 6. h3 O-O 7. d3 Be6 8. Bg5
h6 9. Bh4 Bb4 10. Qe2 Bxc3 11. bxc3 a6 12. Ba4 Qd7 13. Bxf6 gxf6 14. d4 b5 15.
Bxb5 axb5 16. d5 Bxd5 17. exd5 Na7 18. Qe3 Kh7 19. Nh2 f5 20. Rfb1 Rg8 21. Rb4
Rg6 22. Kh1 c5 23. Rb3 Rag8 24. Rg1 f4 25. Qe1 Nc8 26. Nf3 Ne7 27. Qd2 Rxg2 28.
Rxg2 Qxh3+ 29. Rh2 Qf1+ 30. Ng1 Qxg1# 0-1

[Event "DEM U12/U12w 2004"]
[Site "Willingen GER"]
[Date "2004.06.04"]
[Round "10"]
[White "Jebtchouk, Dimitrij"]
[Black "Kopp, Nico"]
[Result "1/2-1/2"]
[Termination "normal"]
[Board "35"]
[WhiteElo "1235"]
[BlackElo "1336"]
[PlyCount "76"]
[BlackFideId "24608092"]
[EventCountry "GER"]
[EventRounds "11"]
[EventType "swiss"]
[EventDate "2004.05.29"]

1. e4 e6 2. d4 d5 3. exd5 exd5 4. Bd3 c5 5. Be3 c4 6. Be2 Be6 7. Bf3 g6 8. b3
cxb3 9. axb3 Bg7 10. Ne2 Ne7 11. Ng3 O-O 12. O-O Nbc6 13. Nd2 Nxd4 14. Ra4
Nxf3+ 15. Nxf3 Bd7 16. Rxa7 Rxa7 17. Bxa7 b6 18. Qd3 Qe8 19. Bxb6 Bb5 20. c4
dxc4 21. bxc4 Ba6 22. Bc5 Qc6 23. Qa3 Bxc4 24. Rc1 Bb2 25. Qxb2 Qxc5 26. Qc3
Rc8 27. Ne5 Qb5 28. Nxc4 Nd5 29. Qe5 Rxc4 30. Rd1 Rc5 31. Ne4 Qb3 32. Ra1 Rc8
33. Nd6 Rb8 34. h3 Qc3 35. Qxc3 Nxc3 36. Ra7 Nb5 37. Nxb5 Rxb5 38. Kh2 Rb2
1/2-1/2

[Event "DEM U12/U12w 2004"]
[Site "Willingen GER"]
[Date "2004.06.04"]
[Round "10"]
[White "Dinger, Solvejg"]
[Black "Mätzig, Lara Annabelle"]
[Result "1-0"]
[Termination "normal"]
[Board "36"]
[WhiteElo "1329"]
[BlackElo "1136"]
[PlyCount "37"]
[EventCountry "GER"]
[EventRounds "11"]
[EventType "swiss"]
[EventDate "2004.05.29"]

1. e4 e5 2. Nf3 Nc6 3. Nc3 Nf6 4. Bb5 d6 5. O-O Bd7 6. Re1 a6 7. Bxc6 Bxc6 8.
d4 exd4 9. Nxd4 Bd7 10. Qf3 Be7 11. e5 dxe5 12. Rxe5 Ng4 13. Re1 Rb8 14. Nd5
Be6 15. Nxe6 fxe6 16. Nxe7 Nxh2 17. Qh5+ g6 18. Nxg6 Rg8 19. Ne5+ 1-0

[Event "DEM U12/U12w 2004"]
[Site "Willingen GER"]
[Date "2004.06.04"]
[Round "10"]
[White "Dannhorn, Anna"]
[Black "Müller, Anna-Louise"]
[Result "0-1"]
[Termination "normal"]
[Board "38"]
[WhiteElo "1085"]
[BlackElo "1349"]
[PlyCount "74"]
[BlackFideId "4633512"]
[EventCountry "GER"]
[EventRounds "11"]
[EventType "swiss"]
[EventDate "2004.05.29"]

1. e4 c5 2. Nf3 g6 3. Nc3 Bg7 4. h3 d6 5. Bb5+ Bd7 6. Bxd7+ Qxd7 7. O-O Nf6 8.
d3 O-O 9. Be3 Nc6 10. Re1 a6 11. a4 Rab8 12. Rb1 b5 13. d4 cxd4 14. Nxd4 Nxd4
15. Bxd4 bxa4 16. Nd5 Nxd5 17. Bxg7 Kxg7 18. Qxd5 Qb5 19. Qd4+ Kg8 20. c4 Qc5
21. Qd3 Rb3 22. Qe2 Rfb8 23. Red1 a3 24. Rd2 Qb6 25. e5 axb2 26. exd6 exd6 27.
Qg4 a5 28. Qf4 Rd8 29. Qe4 a4 30. Rd3 Rxd3 31. Qxd3 Qb4 32. Qd4 a3 33. Qh4 Rc8
34. Kh2 a2 35. Rxb2 Qxb2 36. Qe7 Qe5+ 37. Qxe5 dxe5 0-1

[Event "DEM U12/U12w 2004"]
[Site "Willingen GER"]
[Date "2004.06.04"]
[Round "10"]
[White "Hohmann, Louisa"]
[Black "Gremmer, Jan"]
[Result "0-1"]
[Termination "normal"]
[Board "39"]
[WhiteElo "1339"]
[BlackElo "1240"]
[PlyCount "72"]
[EventCountry "GER"]
[EventRounds "11"]
[EventType "swiss"]
[EventDate "2004.05.29"]

1. e4 e5 2. Nf3 Nc6 3. Bc4 Bc5 4. c3 Nf6 5. d4 exd4 6. cxd4 Bb4+ 7. Bd2 Bxd2+
8. Nbxd2 d6 9. O-O O-O 10. Re1 Bg4 11. h3 Bh5 12. Nb3 Re8 13. Bd3 Re7 14. Re3
Qe8 15. Qe2 a5 16. a4 Kh8 17. Rd1 Nb4 18. Bb5 c6 19. Bc4 Rxe4 20. Rxe4 Qxe4 21.
Qxe4 Nxe4 22. Be2 Re8 23. Re1 Nf6 24. Nc1 Bxf3 25. gxf3 Nfd5 26. Rd1 Nf4 27.
Bf1 Nbd5 28. Kh2 Re6 29. Nb3 b6 30. Rc1 Nb4 31. Rd1 g6 32. Bc4 d5 33. Bf1 Kg7
34. Kg3 Nh5+ 35. Kh4 Kh6 36. Rc1 Rf6 0-1

[Event "DEM U12/U12w 2004"]
[Site "Willingen GER"]
[Date "2004.06.04"]
[Round "10"]
[White "Prosch, Julia"]
[Black "Pantusenko, Valeria"]
[Result "0-1"]
[Termination "normal"]
[Board "40"]
[WhiteElo "1300"]
[BlackElo "1217"]
[PlyCount "38"]
[BlackFideId "4662920"]
[EventCountry "GER"]
[EventRounds "11"]
[EventType "swiss"]
[EventDate "2004.05.29"]

1. e4 e5 2. Nf3 Nc6 3. d4 exd4 4. Nxd4 Bc5 5. Be3 Qf6 6. c3 Nge7 7. Bb5 Bb6 8.
O-O O-O 9. Nxc6 dxc6 10. Bxb6 cxb6 11. Be2 Be6 12. Bg4 Rad8 13. Qf3 Bxg4 14.
Qxg4 Ng6 15. f4 Qd6 16. f5 Qc5+ 17. Kh1 Ne5 18. Qg5 Nd3 19. Qg3 Nf2+ 0-1

[Event "DEM U12/U12w 2004"]
[Site "Willingen GER"]
[Date "2004.06.04"]
[Round "10"]
[White "Knöchel, Sarah"]
[Black "Becher, Anne"]
[Result "0-1"]
[Termination "normal"]
[Board "41"]
[WhiteElo "1211"]
[BlackElo "1259"]
[PlyCount "124"]
[EventCountry "GER"]
[EventRounds "11"]
[EventType "swiss"]
[EventDate "2004.05.29"]

1. e4 c5 2. Nf3 Nc6 3. d4 cxd4 4. Nxd4 g6 5. Nc3 Bg7 6. Be3 Nf6 7. f3 d5 8.
exd5 Nxd5 9. Bf2 Nxc3 10. bxc3 Bd7 11. Bc4 O-O 12. O-O Qa5 13. Qd2 Nxd4 14.
Bxd4 Rad8 15. Rfd1 e5 16. Be3 Ba4 17. Qe2 Qxc3 18. Bb3 Bxb3 19. axb3 a6 20. Bg5
Rxd1+ 21. Rxd1 Qc5+ 22. Be3 Qc6 23. Bf2 Re8 24. c4 f5 25. Bg3 Qb6+ 26. Kf1 Qxb3
27. Bf4 Kf8 28. Re1 a5 29. g4 a4 30. Be3 b6 31. c5 bxc5 32. Bxc5+ Kg8 33. Rc1
Bh6 34. Rc2 Qb1+ 35. Kg2 fxg4 36. fxg4 Qb7+ 37. Kh3 Qb3+ 38. Kg2 a3 39. Ra2
Qd5+ 40. Kh3 Qxc5 41. Qd3 e4 42. Qb3+ Kh8 43. Rxa3 Rf8 44. Qb2+ Bg7 45. Qa2 Qc6
46. Qe2 Qe6 47. Kg2 Qe7 48. Re3 Re8 49. Kg3 Bd4 50. Rb3 Qe6 51. Rb1 Rc8 52. Qd2
Rc3+ 53. Kg2 Qxg4+ 54. Kf1 Qf3+ 55. Ke1 Re3+ 56. Qxe3 Qxe3+ 57. Kd1 Qd3+ 58.
Kc1 e3 59. Rb8+ Kg7 60. h4 e2 61. Re8 Qc3+ 62. Kb1 Qb2# 0-1

[Event "DEM U12/U12w 2004"]
[Site "Willingen GER"]
[Date "2004.06.04"]
[Round "10"]
[White "Kammrad, Carolin"]
[Black "Wisheckel, Lena"]
[Result "1-0"]
[Termination "normal"]
[Board "42"]
[WhiteElo "1177"]
[BlackElo "1259"]
[PlyCount "71"]
[BlackFideId "24691992"]
[EventCountry "GER"]
[EventRounds "11"]
[EventType "swiss"]
[EventDate "2004.05.29"]

1. e4 e5 2. Nf3 Nf6 3. Nxe5 Qe7 4. d4 Nxe4 5. Be2 g6 6. O-O Bg7 7. Nf3 O-O 8.
Re1 Nf6 9. c4 d6 10. Nc3 Re8 11. Bf4 Bg4 12. h3 Bf5 13. Bd3 Qd7 14. Rxe8+ Nxe8
15. Qd2 Bxd3 16. Qxd3 Nc6 17. Re1 b6 18. a3 Ne7 19. Qe4 Bf8 20. Qxa8 c6 21. b4
Bg7 22. c5 dxc5 23. bxc5 bxc5 24. Nb1 cxd4 25. Qb8 c5 26. Qb3 Nf6 27. Nbd2 Ned5
28. Bg3 Nc3 29. Qb8+ Bf8 30. Qc7 Qa4 31. Ng5 Nd7 32. Nge4 Nxe4 33. Nxe4 c4 34.
Bd6 Bg7 35. Qd8+ Nf8 36. Nf6+ 1-0

[Event "DEM U12/U12w 2004"]
[Site "Willingen GER"]
[Date "2004.06.04"]
[Round "10"]
[White "Wild, Katharina"]
[Black "Hort, Maria"]
[Result "1-0"]
[Termination "normal"]
[Board "43"]
[WhiteElo "1249"]
[BlackElo "1082"]
[PlyCount "117"]
[WhiteFideId "24678015"]
[EventCountry "GER"]
[EventRounds "11"]
[EventType "swiss"]
[EventDate "2004.05.29"]

1. c4 c6 2. e4 d6 3. d4 Nd7 4. Nc3 Ngf6 5. f3 e6 6. Be3 d5 7. e5 Ng8 8. f4 dxc4
9. Bxc4 Nb6 10. Bd3 Qc7 11. Na4 Bb4+ 12. Nc3 Nd5 13. Bd2 Nge7 14. Nge2 O-O 15.
O-O a6 16. a3 Ba5 17. b4 Bb6 18. Na4 Ba7 19. Nc5 Bd7 20. Qc2 f6 21. Bxh7+ Kh8
22. Bd3 f5 23. Kh1 Kg8 24. Ng1 Kf7 25. Nf3 Bxc5 26. Ng5+ Ke8 27. bxc5 Rh8 28.
a4 Ng6 29. a5 Rh6 30. g4 fxg4 31. Bxg6+ Ke7 32. Rg1 Rah8 33. Rg2 g3 34. h3 Rh4
35. Qc1 R4h6 36. Bd3 Be8 37. Rxg3 Bh5 38. Kg1 Qd7 39. Rb1 Rb8 40. Bxa6 Nc7 41.
Rxb7 Rxb7 42. Bxb7 Qxd4+ 43. Be3 Qb4 44. a6 Be2 45. Qa1 Rh8 46. Rg2 Bh5 47. Rb2
Qc3 48. Qc1 Qa3 49. Rb6 Qa2 50. Rxc6 Nd5 51. Rxe6+ Kf8 52. Qd2 Qb1+ 53. Kh2 Bg4
54. Bxd5 Qf1 55. Bg2 Qd1 56. Qxd1 Bxd1 57. a7 g6 58. a8=Q+ Kg7 59. Re7+ 1-0

[Event "DEM U12/U12w 2004"]
[Site "Willingen GER"]
[Date "2004.06.04"]
[Round "10"]
[White "Dürre, Gregor"]
[Black "Eckoldt, Katja"]
[Result "1/2-1/2"]
[Termination "normal"]
[Board "44"]
[WhiteElo "1370"]
[BlackElo "1056"]
[PlyCount "129"]
[EventCountry "GER"]
[EventRounds "11"]
[EventType "swiss"]
[EventDate "2004.05.29"]

1. e4 c5 2. Nc3 d6 3. d3 g6 4. g3 Bg7 5. Bg2 e6 6. f4 Ne7 7. Nf3 O-O 8. O-O a6
9. a4 Nd7 10. Rb1 Qa5 11. d4 b5 12. axb5 axb5 13. Ne2 Qc7 14. c3 Bb7 15. Ne1
Rfe8 16. Be3 Nb6 17. b3 c4 18. b4 Ra3 19. Nc2 Ra4 20. h3 Rea8 21. g4 Rd8 22. g5
d5 23. e5 Nf5 24. Qe1 Nc8 25. Bf3 Nce7 26. h4 Raa8 27. Rb2 Ra4 28. h5 Rda8 29.
hxg6 fxg6 30. Qb1 Nh4 31. Bg4 Nhf5 32. Kg2 Bc8 33. Bd2 Qa7 34. Rd1 Ra2 35. Rxa2
Qxa2 36. Qxa2 Rxa2 37. Ne1 Kf7 38. Kf2 h5 39. gxh6 Bxh6 40. Nf3 Ra8 41. Rh1 Kg7
42. Ng3 Nxg3 43. Kxg3 Nf5+ 44. Bxf5 gxf5 45. Rg1 Bb7 46. Kh4+ Kh7 47. Kh5 Bc6
48. Kh4 Rg8 49. Ra1 Rg4+ 50. Kh3 Bxf4 51. Ra7+ Kg6 52. Bxf4 Rxf4 53. Kg2 Re4
54. Kf2 Be8 55. Ra8 Kf7 56. Ra7+ Kg8 57. Ng5 Rf4+ 58. Ke2 Bh5+ 59. Ke3 Rg4 60.
Nxe6 Re4+ 61. Kd2 Re2+ 62. Kc1 Re1+ 63. Kc2 Re2+ 64. Kc1 Re1+ 65. Kc2 1/2-1/2

[Event "DEM U12/U12w 2004"]
[Site "Willingen GER"]
[Date "2004.06.04"]
[Round "10"]
[White "Zuyeva, Lisa"]
[Black "Simonow, Andrej"]
[Result "0-1"]
[Termination "normal"]
[Board "45"]
[WhiteElo "1028"]
[BlackElo "1370"]
[PlyCount "112"]
[BlackFideId "24637637"]
[EventCountry "GER"]
[EventRounds "11"]
[EventType "swiss"]
[EventDate "2004.05.29"]

1. e4 e6 2. Nf3 d5 3. exd5 exd5 4. d4 Bd6 5. Nc3 c6 6. Be2 Nf6 7. Bg5 Bf5 8.
O-O Nbd7 9. Re1 O-O 10. Nh4 Be6 11. Bf3 h6 12. Bxf6 Nxf6 13. Be2 Qc7 14. Nf3
Bg4 15. Ne5 Bxe2 16. Rxe2 Rfe8 17. Qe1 Qb6 18. Rd1 Re6 19. b3 Rae8 20. Qd2 Bxe5
21. dxe5 Rxe5 22. Rxe5 Rxe5 23. Qf4 Re8 24. Na4 Qa5 25. h3 b5 26. Nc5 Qxa2 27.
Rc1 Qa3 28. Nd3 Qe7 29. Re1 Qd8 30. Rxe8+ Nxe8 31. Ne5 Qc7 32. Qe3 Nf6 33. Nd3
Qb6 34. Qe7 Qa6 35. Qd8+ Kh7 36. Qe7 Qa1+ 37. Kh2 Qc3 38. Qxf7 Qxc2 39. Ne5 d4
40. Qxa7 Qxf2 41. Nd3 Qe3 42. Nc5 d3 43. Qa3 d2 44. Qa1 Qxc5 45. Qb1+ Kh8 46.
Qd1 Qc1 47. Qxc1 dxc1=Q 48. Kg3 c5 49. Kf3 c4 50. bxc4 bxc4 51. g4 c3 52. h4
Qd1+ 53. Ke3 c2 54. Kf4 c1=Q+ 55. Kf5 Qxg4+ 56. Ke5 Qc5# 0-1

[Event "DEM U12/U12w 2004"]
[Site "Willingen GER"]
[Date "2004.06.04"]
[Round "10"]
[White "Döring, Julia"]
[Black "Khitov, Roman"]
[Result "1-0"]
[Termination "normal"]
[Board "46"]
[WhiteElo "1321"]
[BlackElo "957"]
[PlyCount "119"]
[EventCountry "GER"]
[EventRounds "11"]
[EventType "swiss"]
[EventDate "2004.05.29"]

1. c4 e5 2. Nc3 Bc5 3. d3 Nc6 4. g3 Nf6 5. Bg2 O-O 6. Nf3 h6 7. O-O d6 8. Rb1
Be6 9. a3 a5 10. e3 Ne7 11. b4 axb4 12. axb4 Bb6 13. Bb2 Ba7 14. Qc2 Qd7 15.
Rfc1 Rfc8 16. Ne2 c6 17. c5 Ng6 18. Ra1 Nd5 19. Qd2 Nf6 20. Ra3 b6 21. cxd6
Qxd6 22. Rca1 Rc7 23. h4 Nd7 24. d4 f6 25. dxe5 Qxd2 26. Nxd2 Ngxe5 27. b5 Nb8
28. Bxe5 fxe5 29. Nc3 Bd7 30. Nc4 Be8 31. Nxb6 Bxb6 32. Rxa8 Rc8 33. bxc6 Rd8
34. c7 Bxc7 35. R1a7 Bd6 36. Bd5+ Kh7 37. Rb7 Bc6 38. Bxc6 Nxc6 39. Rxd8 Nxd8
40. Rd7 Bb4 41. Rxd8 Bxc3 42. Rd5 Kg6 43. Kg2 Kf5 44. Kf3 h5 45. e4+ Ke6 46.
Rb5 g6 47. Rb6+ Kf7 48. Rc6 Bd4 49. Ke2 Bb2 50. f3 Bd4 51. g4 hxg4 52. fxg4 Bg1
53. h5 gxh5 54. gxh5 Kg7 55. Rg6+ Kh7 56. Rxg1 Kh6 57. Rf1 Kxh5 58. Rf5+ Kg6
59. Rxe5 Kf6 60. Rf5+ 1-0